Utah Jazz leading scorer each game (2024-2025 season) - Statistics

General Stats
  • This quiz has been taken 11 times
  • The average score is 6 of 11
Answer Stats
# of games Player % Correct
15 Lauri Markkanen
90%
4 Walker Kessler
70%
15 Collin Sexton
60%
3 Isaiah Collier
60%
10 Jordan Clarkson
60%
13 Keyonte George
60%
10 John Collins
50%
6 Kyle Filipowski
50%
3 Brice Sensabaugh
40%
2 Johnny Juzang
20%
1 Svi Mykhailiuk
10%
No matching quizzes found
Score Distribution
Percent of People with Each Score
Percentile by Number Answered
Your Score History
You have not taken this quiz